Ч. 4; Практический курс китайского языка

Chi tiết về thư mục
Parent link:Практический курс китайского языка: рабочая тетрадь к т. II учебника А. Ф. Кондрашевского/ Е. С. Бабушкина; Национальный исследовательский Томский политехнический университет (ТПУ). Ч. 4.— , 2013
Tóm tắt:Целью рабочей тетради (часть 4) является максимальная проработка грамматики и лексики при сохранении основной концепции, содержания и структуры учебника «Практический курс китайского языка» (автор А.Ф. Кондрашевский). Каждый урок содержит грамматический блок с упражнениями по переводу, задания по аудированию, а также приложения с дополнительными грамматическими конструкциями, идиоматическими выражениями, расширенными наборами лексики по темам. Может быть рекомендована в качестве дополнительного материала для студентов младших курсов, изучающих китайский язык.
Ngôn ngữ:Tiếng Nga
Tiếng Trung
Được phát hành: 2013
Những chủ đề:
Định dạng: Sách
KOHA link:https://koha.lib.tpu.ru/cgi-bin/koha/opac-detail.pl?biblionumber=248330

MARC

LEADER 00000nam2a2200000 4500
001 248330
005 20231101232358.0
035 |a (RuTPU)RU\TPU\book\270100 
090 |a 248330 
100 |a 20140122d2013 m y0rusy50 ca 
101 0 |a rus  |a chi 
102 |a RU 
105 |a y j 001zy 
200 0 |a Ч. 4 
210 |d 2013 
215 |a 139 с. 
320 |a Библиогр.: с. 136. 
330 |a Целью рабочей тетради (часть 4) является максимальная проработка грамматики и лексики при сохранении основной концепции, содержания и структуры учебника «Практический курс китайского языка» (автор А.Ф. Кондрашевский). Каждый урок содержит грамматический блок с упражнениями по переводу, задания по аудированию, а также приложения с дополнительными грамматическими конструкциями, идиоматическими выражениями, расширенными наборами лексики по темам. Может быть рекомендована в качестве дополнительного материала для студентов младших курсов, изучающих китайский язык. 
461 1 |0 (RuTPU)RU\TPU\book\270741  |t Практический курс китайского языка  |o рабочая тетрадь к т. II учебника А. Ф. Кондрашевского  |o учебное пособие для вузов  |f Е. С. Бабушкина  |g Национальный исследовательский Томский политехнический университет (ТПУ)  |v Ч. 4  |d 2013 
606 1 |a Китайский язык  |2 stltpush  |3 (RuTPU)RU\TPU\subj\14450  |9 40833 
610 1 |a лексика 
610 1 |a грамматика 
610 1 |a разговорная речь 
610 1 |a упражнения 
610 1 |a труды учёных ТПУ 
686 |a Ш171.11-923  |v LBC/SL-A  |2 rubbk 
801 1 |a RU  |b 63413507  |c 20140122 
801 2 |a RU  |b 63413507  |c 20140130  |g RCR 
942 |c BK